Stipin kviz općeg znanja - Statistics

General Stats
  • This quiz has been taken 140 times
  • The average score is 6 of 15
Answer Stats
Question Answer % Correct
Afrika ima više država od europe? Da
72%
Najhladniji kontinent? Antarktika
67%
U kojem se gradu odvija radnja serije Peaky Blinders? Birmingham
58%
Glavni grad Malezije? Kuala lumpur
56%
Koji smo auto posjedovali prije Golfa? Ford escort
37%
Vladdy daddyyy Vladdy daddy
37%
Igrač s najviše golova u kalendarskoj godini? (92 gola ja mislin) Lionel Messi
35%
U kojoj se saveznoj američkoj državi odvija radnja serije Breaking Bad? New mexico
35%
Jel Nikola Tesla srbin? Da naravno da je srbin isusee biblija je napisana na srpskom pa prevedena na hebrejski
30%
Rodni kraj Pabla Escobara? Medellin
30%
Kako mi se zove jedna jedina strina? Zora
30%
Iz kojeg je sela rodom Krešo Marijanović? Gradac
28%
Najprodavaniji model auta svih vremena? Toyota corolla
21%
Iz kojeg je sela rodom Nada Marijanović? Sedramić
19%
Najsuvlji kontinent? Antarktika
16%
No matching quizzes found
Score Distribution
Percent of People with Each Score
Percentile by Number Answered
Your Score History
You have not taken this quiz